Mort subite : Les dix plus grands départements de France métro - Statistiques

Statistiques générales
  • Ce quiz a été pris 91 fois
  • Le résultat moyen est 3 sur 10
Answers on the Grid
Answers color-coded by a green-red scale on the quiz's grid according to % correct below.
Yonne
Landes
Maine-et-Loire
Allier
Aveyron
Côtes-d'Armor
Pyrénées-Atlantiques
Vienne
Dordogne
Charente-Maritime
Saône-et-Loire
Aisne
Puy-de-Dôme
Vendée
Gironde
Isère
Alpes-de-Haute-Provence
Cher
Marne
Côte-d'or
 
Statistiques - réponses
Réponse % Correct
2 Landes
64%
1 Gironde
45%
5 Aveyron
36%
9 Pyrénées-Atlantiques
27%
4 Côte-d'or
18%
7 Marne
18%
6 Saône-et-Loire
18%
3 Dordogne
9%
10 Isère
9%
8 Puy-de-Dôme
9%
Aucun quiz correspondant
Distribution des résultats
% des personnes avec chaque résultat
Percentile par nombre de réponses
Votre historique - résultats
Vous n’avez pas pris ce quiz